000 00332nam a2200145Ia 4500
100 _aMarkus/ John
650 _aElectrical Engineering
942 _cBK
654 _aTelevision
245 _aTelevision & radio repairing
260 _bTata Mc Graw hill
_aNew Delhi
_c1981
082 _a621.3
300 _a568
546 _aENGLISH
999 _c17928
_d17928